Sammlung der Kurzfassungen : 3.Internationales DAAAM Symposium : Konf. Budapest. 4.-6.November 1992

Na minha lista:
Detalhes bibliográficos
Formato: Livro
Idioma:idiomas múltiplos
Publicado em: Budapest : TU, 1992
Assuntos:
Tags: Adicionar Tag
Sem tags, seja o primeiro a adicionar uma tag!

MARC

LEADER 00000nam a22000003a 4500
001 stu45786
005 20150408180244.8
008 970408s1992----cs------------------mul-d
040 |a STU  |b slo 
041 0 |a mul 
044 |a cs 
080 |a 65.011.56(082) 
245 |a Sammlung der Kurzfassungen :  |b 3.Internationales DAAAM Symposium : Konf. Budapest. 4.-6.November 1992 
260 |a Budapest :  |b TU,  |c 1992 
300 |a 201 s 
650 7 |a technológie  |2 stusub 
650 7 |a zborníky  |2 stusub 
650 7 |a Automatizácia pružná  |2 stusub 
996 |b MZ 887  |c M*Z-887  |l MMKN  |s A  |a 24  |w stu45786_0001